| 000 | 00600nam a22001457a 4500 | ||
|---|---|---|---|
| 005 | 20241221114120.0 | ||
| 008 | 240911b ||||| |||| 00| 0 eng d | ||
| 050 | _aDPer050 M72 January-March 2018 v. 66 no. 8-10 | ||
| 100 |
_aBorallo, Ricardo Perez. _eauthor. _960608 |
||
| 245 |
_aBanghay-aralin sa msep V : _bedukasyong sa pagpapalakas ng katawan / _cRicardo Perez Borallo. |
||
| 260 |
_aPhilippines; _bPublishers Association of the Philippines, Inc., _cOctober 2019. |
||
| 300 |
_aVolume 168, pages 194-195, _billustration. |
||
| 700 |
_aBorallo, Ricardo Perez. _eauthor. _960608 |
||
| 942 |
_2ddc _cPER |
||
| 999 |
_c21467 _d21467 |
||